Introduction to general zoology Vol.I (Record no. 823565)

MARC details
000 -LEADER
fixed length control field 00620nam a2200217Ia 4500
008 - FIXED-LENGTH DATA ELEMENTS--GENERAL INFORMATION
fixed length control field 101110s9999 xx 000 0 und d
041 ## - LANGUAGE CODE
Language code of text/sound track or separate title ENGLISH
082 ## - DEWEY DECIMAL CLASSIFICATION NUMBER
Item number SR31062
100 ## - MAIN ENTRY--PERSONAL NAME
Personal name Chaki K.K., Kundu G., Sarkar S. & others
245 ## - TITLE STATEMENT
Title Introduction to general zoology Vol.I
260 ## - PUBLICATION, DISTRIBUTION, ETC. (IMPRINT)
Date of publication, distribution, etc 2007
Name of publisher, distributor, etc New Central Book Agency pvt.Ltd;Kolkata
300 ## - PHYSICAL DESCRIPTION
Extent 613
365 ## - TRADE PRICE
Price amount 235
520 ## - SUMMARY, ETC.
Summary, etc Biology/Zoology
546 ## - LANGUAGE NOTE
Language note ENGLISH
630 ## - SUBJECT ADDED ENTRY--UNIFORM TITLE
Uniform title Introduction to general zoology Vol.I
650 ## - SUBJECT ADDED ENTRY--TOPICAL TERM
Topical term or geographic name as entry element Biology/Zoology
655 ## - INDEX TERM--GENRE/FORM
Genre/form data or focus term Biology/Zoology
730 ## - ADDED ENTRY--UNIFORM TITLE
Uniform title Introduction to general zoology Vol.I
942 ## - ADDED ENTRY ELEMENTS (KOHA)
Koha item type Book
Holdings
Withdrawn status Lost status Damaged status Not for loan Home library Current library Shelving location Date acquired Source of acquisition Cost, normal purchase price Shelving control number Total Checkouts Barcode Date last seen Price effective from Koha item type
        D. B. J. College, Chiplun D. B. J. College, Chiplun     Yogesh Prakashan, bill no.4183, dt.8/7/2008 235.00     DBJSR31062 11/11/2010 11/11/2010 Book